书目信息 |
| 题名: |
嘉绒藏族建筑
|
|
| 作者: | 多尔吉 , 红音 编著 | |
| 分册: | ||
| 出版信息: | 北京 中国藏学出版社 2019.07 |
|
| 页数: | 10, 317页 | |
| 开本: | 38cm | |
| 丛书名: | ||
| 单 册: | ||
| 中图分类: | TU-092.81 | |
| 科图分类: | ||
| 主题词: | 藏族--cang zu--民族建筑--建筑艺术--中国 | |
| 电子资源: | ||
| ISBN: | 978-7-5211-0163-8 | |
| 000 | 01412nam0 2200265 450 | |
| 001 | 2074282203 | |
| 005 | 20201108203812.69 | |
| 010 | @a978-7-5211-0163-8@b精装@dCNY860.00 | |
| 100 | @a20190930d2019 em y0chiy50 ea | |
| 101 | 0 | @achi@eeng |
| 102 | @aCN@b110000 | |
| 105 | @aab a 000yy | |
| 200 | 1 | @a嘉绒藏族建筑@Ajia rong zang zu jian zhu@e古碉·民居·村寨@d= Gyalwang tibetan architecture@eancient stone towers, dwellings and villages@f多尔吉, 红音编著@zeng |
| 210 | @a北京@c中国藏学出版社@d2019.07 | |
| 215 | @a10, 317页@c图 (部分彩图), 地图@d38cm | |
| 320 | @a有书目 | |
| 330 | @a本书选取建筑这一嘉绒藏族地区颇具特色的文化项目, 经过多年的实地调查和拍摄, 通过600余幅图片为我们展现了嘉绒藏族建筑文化的全貌, 内容包括: 古碉篇、民居篇、官寨篇、宗教建筑篇、建筑工艺篇, 以及历史影像篇等。基于地域差异和类型细分, 该稿以图像的形式呈现整个嘉绒藏族建筑文化的全貌和特色, 特别是通过文献资料研究和历史影响的对比, 在重要建筑之间建立起古今对比 ; 对民居建造过程和装饰细节等建筑工艺也有介绍, 更能加深读者对嘉绒藏族文化现状的认识。 | |
| 510 | 1 | @aGyalwang tibetan architecture@eancient stone towers, dwellings and villages@zeng |
| 517 | 1 | @a古碉·民居·村寨@Agu diao · min ju · cun zhai |
| 606 | 0 | @a藏族@Acang zu@x民族建筑@x建筑艺术@y中国 |
| 690 | @aTU-092.81@v5 | |
| 701 | 0 | @a多尔吉@Aduo er ji@4编著 |
| 701 | 0 | @a红音@Ahong yin@4编著 |
| 801 | 0 | @aCN@b人天书店@c20201004 |
| 905 | @aZUCC@dTU-092.81@eD970 | |
| 嘉绒藏族建筑:古碉·民居·村寨= Gyalwang tibetan architecture:ancient stone towers, dwellings and villages/多尔吉, 红音编著.-北京:中国藏学出版社,2019.07 |
| 10, 317页:图 (部分彩图), 地图;38cm |
| ISBN 978-7-5211-0163-8(精装):CNY860.00 |
| 本书选取建筑这一嘉绒藏族地区颇具特色的文化项目, 经过多年的实地调查和拍摄, 通过600余幅图片为我们展现了嘉绒藏族建筑文化的全貌, 内容包括: 古碉篇、民居篇、官寨篇、宗教建筑篇、建筑工艺篇, 以及历史影像篇等。基于地域差异和类型细分, 该稿以图像的形式呈现整个嘉绒藏族建筑文化的全貌和特色, 特别是通过文献资料研究和历史影响的对比, 在重要建筑之间建立起古今对比 ; 对民居建造过程和装饰细节等建筑工艺也有介绍, 更能加深读者对嘉绒藏族文化现状的认识。 |
| ● |
| 相关链接 |
|
|
|
正题名:嘉绒藏族建筑
索取号:TU-092.81/D970
 
预约/预借
| 序号 | 登录号 | 条形码 | 馆藏地/架位号 | 状态 | 备注 |
| 1 | 1487397 | 214873975 | 建筑库101/101建筑库 101排4列2层/ [索取号:TU-092.81/D970] | 在馆 |